000 00275nam a2200109Ia 4500
008 190216s9999||||xx |||||||||||||| ||und||
100 _aPrakash Narayana Mishra
245 0 _aHindi-Hamara Mahadeep
260 _bMac Millian And Com. Ltd
650 _aHindi
942 _cBK
999 _c15345
_d15345